Normal view
MARC view
Entry Geographic Name
001 - CONTROL NUMBER
- control field: 34821
003 - CONTROL NUMBER IDENTIFIER
- control field: dpl
005 - DATE AND TIME OF LATEST TRANSACTION
- control field: 20110923155722.0
008 - FIXED-LENGTH DATA ELEMENTS
- fixed length control field: 110923|||a|||||| | ||| d
040 ## - CATALOGING SOURCE
- Original cataloging agency: dpl
- Transcribing agency: dpl
151 ## - HEADING--GEOGRAPHIC NAME
- Geographic name: India |x History
- Form subdivision: Sources.
- Chronological subdivision: British occupation, 1765-1947
670 ## - SOURCE DATA FOUND
- Source citation: Work cat.: (dpl): Amar Singh 1878-1942 34818, Reversing the gaze : , 2011
670 ## - SOURCE DATA FOUND
- Source citation: Work cat.: (dpl): Amar Singh 1878-1942 34818, Reversing the gaze : , 2011
